Представление документа в формате RUSMARC

ПолеНазваниеЗначение
  Тип записи a
  Библиографический уровень m
001 Контрольный номер 5298019133044f01a2036cdded09f758
005 Дата корректировки 20241223123657.8
010 Индекс ISBN __
a ISBN 978-5-17-090817-2 (в пер.)
d Цена 177-98
9 Тираж 3000 экз.
100 Данные общей обработки __
a Данные общей обработки 19190606d2018||||||| 0rusy0189 ca
101 Язык документа 0_
a Язык текста rus
102 Страна публикации __
a Страна публикации ru|
102 Страна публикации __
a Страна публикации RU
105 Кодированные данные (монография) __
a Кодированные данные (монография) #||||||||||zy
200 Заглавие и сведения об ответственности 1_
a Заглавие Сын полка
e Сведения, относящиеся к заглавию [повесть : для среднего школьного возраста]
f Первые сведения об ответственности Валентин Катаев ; [художник С. Бабюк]
b Общее обозначение материала Текст
210 Выходные данные 1_
a Место издания Москва
c Издательство АСТ
d Дата издания 2018
215 Физическое описание __
a Объем 252, [1] с.
d Формат 21 см
225 Серия 2_
a Серия Классика для школьников: КШ
225 Серия 2_
a Серия Рекомендовано лучшими учителями
330 Аннотация __
a Аннотация Повесть "Сын полка" была написана Валентином Петровичем Катаевым (1897-1986) в 1944 году, в дни Великой Отечественной войны. Это история о судьбе простого крестьянского мальчишки Вани Солнцева, у которого война отняла все: родных и близких, дом и само детство. Наравне со взрослыми солдатами он преодолевал тяготы и опасности, помогая приблизить Великую Победу.
333 Примечание о целевом назначении __
a Примечание о целевом назначении 6+. Для детей старше шести лет
606 Тематические рубрики __
a Основная рубрика Художественная литература
606 Тематические рубрики __
a Основная рубрика Русская литература XX в. (произведения)
610 Ключевые слова 0_
a Ключевые слова Ваня Солнцев
610 Ключевые слова 0_
a Ключевые слова детская литература
610 Ключевые слова 0_
a Ключевые слова литературные герои
610 Ключевые слова 0_
a Ключевые слова литературные персонажи
610 Ключевые слова 0_
a Ключевые слова повести
610 Ключевые слова 0_
a Ключевые слова прозаики
610 Ключевые слова 0_
a Ключевые слова советская литература
610 Ключевые слова 0_
a Ключевые слова тема Великой Отечественной войны
610 Ключевые слова 0_
a Ключевые слова тема ВОВ
610 Ключевые слова 0_
a Ключевые слова тема военного детства
610 Ключевые слова 0_
a Ключевые слова тема войны
610 Ключевые слова 0_
a Ключевые слова тема мальчиков
610 Ключевые слова 0_
a Ключевые слова тема помощи
610 Ключевые слова 0_
a Ключевые слова тема сиротства
686 Индексы других классификаций __
2 Код системы rubbks
a Классификационный индекс ст84(2=411.2)6-4
700 Автор _1
a Фамилия Катаев
b Имя В. П.
f Даты 1897-1986
g Полное личное имя Валентин Петрович
4 Код отношения 070
702 Вторичная интеллектуальная ответственность _1
a Фамилия Бабюк
b Имя С. С.
4 Код отношения Художник
g Полное личное имя Станислав Семенович
4 Код отношения 040
801 Источник записи _0
a Страна ru
b Организация Муниципальное бюджетное учреждение культуры "Централизованная библиотечная система" г. Сургут (Центральная городская библиотека им. А. С. Пушкина)
c Дата составления 20190606
g Правила каталогизации PSBO
801 Источник записи _1
a Страна ru
b Организация Муниципальное бюджетное учреждение культуры "Централизованная библиотечная система" г. Сургут (Центральная городская библиотека им. А. С. Пушкина)
c Дата составления 20190606
g Правила каталогизации PSBO
852 Данные о местонахождении __
j Шифр хранения ст84(2=411.2)6-4
i Авторский знак К 29
901 Тип документа __
t Тип документа m
a Ответственный КиК/Мамарузиева
903 Характеристики (МАРС) __
a Дата передачи 20190606
969 Тип издания __
a Тип издания издание для детей
990 Данные о заказе (DOS) __
j Количество экземпляров (DOS) 3
t N записи в КСУ для И/У (DOS) 201906